Estatísticas para Cultura Geral

Clique aqui para jogar o quiz

Estatísticas Gerais

  • Esse quiz foi jogado 9 vezes
  • A pontuação média é 5 de 15

Estatísticas das Respostas

HintResposta% Correto
Qual é a décima segunda letra do alfabeto latino?L
88%
Qual é o acrónimo de lésbicas, gays, bissexuais e transgéneros?LGBT
75%
Que nome damos á perda de energia elétrica para uma área?Apagão
63%
Em que estado dos EUA podemos encontrar a cidade de São Francisco?Califórnia
63%
Que nome damos ao local em que são cultivados legumes e hortaliças?Horta
63%
Que nome damos ao processo de devolução compulsória, ao Estado de sua nacionalidade ou procedência, de um estrangeiro que entra ou permanece irregularmente no território de outro Estado?Deportação
50%
Que nome damos ao corpo de água ligado a um oceano ou lago, formado por um recuo na linha costeira?Baía
38%
Em que país podemos encontrar o Lago Merritt?Estados Unidos
25%
Que nome damos ao sítio autoral que publica periodicamente informações ou discussões na Internet?Blog
13%
Que nome damos a um conjunto de pessoas de um território ou com uma cultura, costumes ou governo comum?Povo
13%
Que nome damos ao equipamento utilizado para transportar cargas?Contentor
0%
Que nome damos a um indivíduo que se dedica, com intensidade incomum, a conhecer e modificar os aspectos mais internos de dispositivos, programas e redes de computadores?Hacker
0%
Que nome damos ao elemento de um documento eletrónico que se refere a outro recursoHiperligação
0%
Que nome damos á continuidade ou permanência de uma doutrina, visão de mundo, costumes e valores de um grupo social ou escola de pensamento?Tradição
0%
Que nome damos a uma pessoa cuja identidade ou expressão de gênero não corresponde ao sexo atribuído?Trangénero
0%

Distribuição das Pontuações

Percentil de Números Respondidos

Porcentagem de Pessoas com Cada Pontuação

Sua Pontuação Histórica

Você não jogou esse quiz